000 00366nam a2200145Ia 4500
005 20251222142002.0
008 251222s9999||||xx |||||||||||||| ||spa||
020 _a9789972481826
082 _a325.251/G96
100 _aGutiérrez Rivas, Julissa
245 0 _aEchando Raíces en Suelo Fértil
250 _a1ra.ed.
264 _bUnversidad de Piura
942 _cLIB
999 _c10035
_d10035